01619nam a2200241Ia 4500952012000000952012000120952010800240999001700348005001700365008004100382020001500423082002700438100005700465245010400522250003100626260003400657300001800691505041100709519013301120519009201253650002001345942001201365 00102ddc4070a01b01d2007-01-25l1o344.01 B928d v.2 2001p01 007004r2013-09-30s2013-09-30t1w2012-06-24yLB 00102ddc4070a01b01d2007-01-25l1o344.01 B928d v.2 2001p01 007763r2014-02-10s2014-02-10t2w2012-06-24yLB 00102ddc4070a01b01d2007-01-25l0o344.01 B928d v.2 2001p01 007764r2012-06-24t3w2012-06-24yLB c54556d5455620231102150529.0120622s2001 mx r 000 0 spa d a9700728978 4a344.01bB928d v.2 20011 aBuen L., Néstor de (Buen Lozano)eautord1925-201610aDerecho del trabajob : tomo segundo: derecho individual: derecho colectivoc / Néstor de Buen L. a15a. edición actualizada3 aMéxicob : Porrúac, 2001 a931 páginas aDerecho Individual del trabajo La relación individual del trabajo Las condiciones de trabajo El trabajo de las mueres y de los menores Derecho colectivo del trabajo Generalidades El derecho de asociación profesional Teoría del sindicalismo obrero Derecho sindical Contrato colectivo de trabajo Reglamento interior de trabajo La afectación colectiva de las relaciones de trabajo El derecho de huelga aPlan Flexible / bMaestría en Derecho Corporativo / cRelaciones Individuales y Colectivas del Trabajo (P04-3) / d(01 007004) aPlan Flexible / bDerecho / cDerecho del Trabajo II (P16-1) / d(01 007763, 01 007764)14aDERECHO LABORAL cLB2lcc